Statistics for One Syllable Team Names

Click here to take the quiz!

General Stats

  • This quiz has been taken 12,182 times
    (12,144 since last reset)
  • The average score is 19 of 39

Answer Stats

LeagueTeam% Correct
NFLBears
83%
College FootballBears
83%
NHLJets
75%
NFLJets
75%
NBAHeat
68%
MLBCubs
62%
NBABulls
61%
College FootballBulls
61%
NBAJazz
59%
NBAKings
57%
NHLKings
57%
NFLBrowns
56%
NBAHawks
56%
MLBReds
56%
MLBMets
55%
NBANets
55%
NBAKnicks
52%
NFLRams
52%
College FootballRams
52%
NFLBills
51%
NFLColts
50%
NFLSaints
47%
NBASpurs
47%
NBASuns
47%
NBABucks
46%
NFLChiefs
46%
NHLDucks
45%
College FootballDucks
45%
MLBRays
42%
NHLBlues
39%
NHLStars
37%
MLBBraves
36%
NHLSharks
33%
MLBTwins
32%
NHLWild
32%
NHLFlames
30%
College FootballOwls
8%
College FootballUtes
6%
College FootballZips
5%

Score Distribution

Percentile by Number Answered

Percent of People with Each Score

Your Score History

You have not taken this quiz since the last reset